<A> model of the lender of last resort

Salvato in:
Dettagli Bibliografici
Autore principale: Goodhart, Charles A.E
Altri autori: Huang, Haizhou
Natura: Libro
Lingua:inglese
Pubblicazione: Washington International Monetary Fund 1999
Serie:IMF Working Paper 39
Soggetti:
Tags: Aggiungi Tag
Nessun Tag, puoi essere il primo ad aggiungerne!!

MARC

LEADER 00000nam a2200000 4500
001 c110411
005 20221221083003.2
041 0 |a eng 
044 |a US 
245 1 0 |a <A> model of the lender of last resort  |c Charles A.E. Goodhart and Haizhou Huang 
264 1 |a Washington  |b International Monetary Fund  |c 1999 
300 |a 33 s. 
490 1 |a IMF Working Paper  |v 39 
830 0 |a IMF Working Paper  |v 39 
610 2 0 |a pôžičky 
610 2 0 |a úver bankový 
610 2 0 |a kríza banková 
610 2 0 |a morálka 
610 2 0 |a banky centrálne 
610 2 0 |a sadzby úrokové 
610 2 0 |a sústava banková 
100 1 |a Goodhart, Charles A.E. 
700 1 |a Huang, Haizhou